HOSPITAL AND CLINICAL PHARMACY FOR DIPLOMA IN PHARMACY 2ND YEAR. (Record no. 8951)

MARC details
000 -LEADER
fixed length control field 00574nam a22001817a 4500
005 - DATE AND TIME OF LATEST TRANSACTION
control field 20251127122436.0
008 - FIXED-LENGTH DATA ELEMENTS--GENERAL INFORMATION
fixed length control field 251124b |||||||| |||| 00| 0 eng d
020 ## - INTERNATIONAL STANDARD BOOK NUMBER
ISBN 978-93-48565-66-2
041 ## - LANGUAGE CODE
Language code of text/sound track or separate title eng
082 ## - DEWEY DECIMAL CLASSIFICATION NUMBER
Classification number 615.2 TIW-H
100 ## - MAIN ENTRY--AUTHOR NAME
Personal name TIWARI, ABHINAY. 2- JACOB, BLESSY 3- POTHEN, DR. BINCY. 4- TIWARI, DR. SHIVSHANKAR
245 ## - TITLE STATEMENT
Title HOSPITAL AND CLINICAL PHARMACY FOR DIPLOMA IN PHARMACY 2ND YEAR.
250 ## - EDITION STATEMENT
Edition statement 1ST ED. 2025
260 ## - PUBLICATION, DISTRIBUTION, ETC. (IMPRINT)
Place of publication NEW DELHI
Name of publisher INNOVATIVE PUBLICATION PVT LTD
Year of publication 2025
300 ## - PHYSICAL DESCRIPTION
Number of Pages 183;P
650 ## - SUBJECT ADDED ENTRY--TOPICAL TERM
Topical Term PHARMACY
General subdivision D.PHARMA
942 ## - ADDED ENTRY ELEMENTS (KOHA)
Koha item type Books
Holdings
Lost status Damaged status Collection code Home library Current library Date acquired Source of acquisition Cost, normal purchase price Full call number Accession Number Koha item type
    PHARMACY JRU Library JRU Library 14/11/2025 PURCHASE 395.00 615.2 29061 Books